00870nac a22002291u 4500020001500000082002000015090001500035100003400050245011000084260004100194300003400235440005000269500002600319504005100345511002600396650002800422650002000450700002500470942002200495999001500517952010800532 a007011693800a621.381028bCOL c6616d6616 aColclaser, Roy A. 10aMaterials and devices for electrical engineers and physicists /cRoy A. Colclaser and Sherra Diehl-Nagle. aNew York :bMcGraw-Hill,1985cc1985. axiv, 284 p. :bill. ;c25 cm. 0aMcGraw-Hill series in electrical engineering. adistributer: Al-Ahram aIncludes bibliographical references and index. acatalogued by: wessam 0aElectronicsxMaterials. 0aSemiconductors.2 aDiehl-Nagle, Sherra. cBBk621.381028COL c6616d6616 00104070aMAINbMAINc1STd2007-11-28ePurchasel0o621.381028COLp000008310r2025-07-15 00:00:00yBB